000 00294nam a2200121Ia 4500
008 191201s2011 xx 000 0 und d
100 _aJHA, Sudhir Nath
245 0 _aHuman Resource Management B.COM II
260 _aN. Delhi
_bVikas Pub
_c2011
300 _a286
650 _aMBA
942 _2ddc
_cBK
999 _c286
_d286